000
00310nam a2200133Ia 4500
008
240624s9999 xx 000 0 und d
041
_a
eng
082
_a
823 DAR
100
_a
DARUWALA KEKI N
245
_a
NIGHT RIVER AND POEMS
260
_c
2001
_a
New Delhi
_b
Rupa & Co.
300
_a
124 : p.
365
_c
RS
999
_c
17160
_d
17160